00515nam a22001457a 4500008004100000020001500041082001900056100002300075245007500098260004300173300002000216440001900236650009400255700002000349150311b xxu||||| |||| 00| 0 eng d a8474329302 a384.54bW 776c aWinocur, Rosalía aCiudadanos Mediáticos: La construcción de lo público en la radio aBarcelonabEditorial Gedisa S.A.c2002 a220 p.c22.5 cm aSerie Culturas xRadiodifusión- aspectos políticosxParticipación políticaxCiudadaníaxMéxico aRosalia Winocur